|
|
|
|
| LEADER |
00000nam0a2200000 4500 |
| 001 |
252251 |
| 005 |
20231101232731.0 |
| 035 |
|
|
|a (RuTPU)RU\TPU\book\274581
|
| 090 |
|
|
|a 252251
|
| 100 |
|
|
|a 20140228d1969 km y0rusy50 ca
|
| 101 |
0 |
|
|a rus
|
| 102 |
|
|
|a RU
|
| 105 |
|
|
|a a g 001zy
|
| 200 |
1 |
|
|a Рыбы СССР
|e [справочник]
|f В. Д. Лебедев [и др.]
|g под ред. Г. В. Никольского, В. А. Григораш
|
| 210 |
|
|
|a Москва
|c Мысль
|d 1969
|
| 215 |
|
|
|a 447 с.
|c ил.
|
| 225 |
1 |
|
|a Справочники-определители географа и путешественника
|
| 320 |
|
|
|a Библиогр.: с. 447.
|
| 320 |
|
|
|a Указатель русских названий рыб: с. 431-439.
|
| 320 |
|
|
|a Указатель латинских названий рыб: с. 440-446.
|
| 606 |
1 |
|
|a Рыбы
|x Биологические исследования
|2 stltpush
|3 (RuTPU)RU\TPU\subj\26433
|9 50361
|
| 610 |
1 |
|
|a справочники
|
| 610 |
1 |
|
|a термины
|
| 610 |
1 |
|
|a определения
|
| 610 |
1 |
|
|a отряды
|
| 610 |
1 |
|
|a характеристика
|
| 675 |
|
|
|a 597(03)
|v 3
|
| 701 |
|
1 |
|a Лебедев
|b В. Д.
|
| 701 |
|
1 |
|a Спановская
|b В. Д.
|
| 701 |
|
1 |
|a Савваитова
|b К. А.
|
| 701 |
|
1 |
|a Соколов
|b Л. И.
|
| 701 |
|
1 |
|a Цепкин
|b Е. А.
|
| 702 |
|
1 |
|a Никольский
|b Г. В.
|4 340
|
| 702 |
|
1 |
|a Григораш
|b В. А.
|4 340
|
| 801 |
|
1 |
|a RU
|b 63413507
|c 20140228
|
| 801 |
|
2 |
|a RU
|b 63413507
|c 20140304
|g RCR
|
| 942 |
|
|
|c BK
|